Hauptstädte der Welt auf einer leeren Karte - Statistiken

Allgemein
  • Dieses Quiz wurde 676 mal gespielt
  • Das Durchschnittsergebnis liegt bei 113 aus 196
Antworten auf der Karte
Die Antworten werden auf der Karte rot bzw. grün angezeigt, abhängig davon wie oft sie richtig erraten wurden.
 
Antwortstatistiken
Land Hauptstadt % Korrekt
Deutschland Berlin
92%
Vereinigte Staaten Washington D.C.
91%
Vereinigtes Königreich London
90%
Spanien Madrid
90%
Norwegen Oslo
89%
Belgien Brüssel
88%
Irland Dublin
88%
Frankreich Paris
88%
Schweden Stockholm
88%
Niederlande Amsterdam
87%
Dänemark Kopenhagen
87%
Portugal Lissabon
87%
Russland Moskau
87%
Schweiz Bern
86%
Österreich Wien
86%
Finnland Helsinki
85%
Luxemburg Luxemburg
85%
Island Reykjavík
85%
Polen Warschau
85%
Kanada Ottawa
84%
Italien Rom
84%
Brasilien Brasília
83%
Mexiko Mexiko-Stadt
83%
Monaco Monaco
83%
Vatikanstadt Vatikanstadt
83%
Griechenland Athen
82%
Ungarn Budapest
82%
Tschechien Prag
82%
Lettland Riga
82%
San Marino San Marino
82%
Rumänien Bukarest
81%
Ukraine Kiew
81%
Ägypten Kairo
80%
Japan Tokio
80%
Liechtenstein Vaduz
80%
Türkei Ankara
79%
Australien Canberra
79%
Belarus Minsk
79%
China Peking
79%
Kroatien Zagreb
79%
Serbien Belgrad
78%
Argentinien Buenos Aires
77%
Bulgarien Sofia
77%
Estland Tallinn
77%
Slowakei Bratislava
76%
Tunesien Tunis
76%
Litauen Vilnius
76%
Südafrika Pretoria, Kapstadt oder Bloemfontein
75%
Südkorea Seoul
75%
Algerien Algier
74%
Israel Jerusalem
74%
Slowenien Ljubljana
74%
Indien Neu-Delhi
74%
Andorra Andorra la Vella
73%
Bosnien und Herzegowina Sarajevo
73%
Malta Valletta
73%
Peru Lima
72%
Chile Santiago
72%
Albanien Tirana
72%
Neuseeland Wellington
71%
Panama Panama-Stadt
69%
Uruguay Montevideo
67%
Marokko Rabat
67%
Nordmazedonien Skopje
67%
Irak Bagdad
66%
Aserbaidschan Baku
66%
Kolumbien Bogotá
66%
Nordkorea Pjöngjang
66%
Saudi-Arabien Riad
66%
Singapur Singapur
66%
Moldawien Chișinău
65%
Kuba Havanna
65%
Kosovo Priština
65%
Iran Teheran
65%
Thailand Bangkok
64%
Montenegro Podgorica
64%
Vereinigte Arabische Emirate Abu Dhabi
63%
Venezuela Caracas
63%
Zypern Nikosia
63%
Vietnam Hanoi
62%
Indonesien Jakarta
62%
Bolivien La Paz oder Sucre
62%
Katar Doha
61%
Georgien Tiflis
61%
Senegal Dakar
60%
Syrien Damaskus
60%
Pakistan Islamabad
60%
Ecuador Quito
60%
Mongolei Ulaanbaatar
60%
Libanon Beirut
59%
Jamaika Kingston
59%
St. Vincent und die Grenadinen Kingstown
59%
Philippinen Manila
59%
Guatemala Guatemala-Stadt
58%
Bangladesch Dhaka
57%
Afghanistan Kabul
57%
Kuwait Kuwait-Stadt
57%
Kenia Nairobi
57%
El Salvador San Salvador
57%
Namibia Windhoek
57%
Kasachstan Astana
56%
Armenien Jerewan
56%
Libyen Tripolis
56%
Paraguay Asunción
55%
Malaysia Kuala Lumpur
55%
Jordanien Amman
54%
Taiwan Taipeh
54%
Malediven Malé
53%
Nepal Kathmandu
52%
Bahamas Nassau
52%
Guyana Georgetown
51%
Oman Maskat
51%
Haiti Port-au-Prince
51%
Madagaskar Antananarivo
50%
Bahrain Manama
50%
Dschibuti Dschibuti
49%
Sierra Leone Freetown
49%
Demokratische Republik Kongo Kinshasa
49%
Jemen Sanaa
49%
Usbekistan Taschkent
49%
Äthiopien Addis Abeba
48%
Belize Belmopan
48%
Kirgisistan Bischkek
48%
Angola Luanda
47%
Somalia Mogadischu
47%
Costa Rica San José
47%
Ghana Accra
46%
Suriname Paramaribo
45%
Seychellen Victoria
45%
Osttimor Dili
44%
Turkmenistan Aşgabat
43%
Republik Kongo Brazzaville
43%
Tadschikistan Duschanbe
43%
Nicaragua Managua
43%
Kambodscha Phnom Penh
43%
Dominikanische Republik Santo Domingo
43%
Togo Lomé
42%
Papua-Neuguinea Port Moresby
42%
Trinidad und Tobago Port-of-Spain
42%
Sri Lanka Sri Jayawardenepura Kotte
42%
Honduras Tegucigalpa
42%
Kamerun Jaunde
41%
Sudan Khartum
41%
Guinea-Bissau Bissau
40%
Simbabwe Harare
40%
Sambia Lusaka
40%
Mosambik Maputo
40%
Grenada Saint George's
40%
Fidschi Suva
40%
Laos Vientiane
40%
Nigeria Abuja
39%
Barbados Bridgetown
39%
Ruanda Kigali
39%
Gabun Libreville
39%
Mauritius Port Louis
39%
Bhutan Thimphu
39%
Eritrea Asmara
38%
Burkina Faso Ouagadougou
38%
Mali Bamako
37%
Brunei Bandar Seri Begawan
37%
Botswana Gaborone
37%
Uganda Kampala
37%
Eswatini Mbabane
37%
Niger Niamey
37%
Dominica Roseau
37%
Tansania Dodoma
36%
Südsudan Juba
36%
Lesotho Maseru
36%
Liberia Monrovia
36%
Mauretanien Nouakchott
36%
São Tomé und Príncipe São Tomé
36%
Gambia Banjul
35%
St. Kitts und Nevis Basseterre
35%
Guinea Conakry
35%
Antigua und Barbuda Saint John's
35%
Zentralafrikanische Republik Bangui
34%
Benin Porto-Novo oder Cotonou
34%
Malawi Lilongwe
34%
Tschad N'Djamena
34%
Kap Verde Praia
34%
Elfenbeinküste Yamoussoukro
34%
Samoa Apia
33%
Tuvalu Funafuti
33%
Myanmar Naypyidaw
33%
St. Lucia Castries
32%
Burundi Gitega
32%
Vanuatu Port Vila
32%
Nauru Yaren
32%
Komoren Moroni
31%
Salomonen Honiara
30%
Tonga Nukuʻalofa
30%
Äquatorial-Guinea Malabo
29%
Palau Ngerulmud
29%
Kiribati South Tarawa
28%
Marshallinseln Majuro
27%
Föderierte Staaten von Mikronesien Palikir
26%
Keine übereinstimmenden Quizze gefunden
Verteilung der Resultate
Anzahl Personen mit jedem Resultat
Perzentil nach korrekt beantworteten Fragen
Ihre Resultats-Entwicklung
Sie haben dieses Quiz noch nicht gespielt